000 00565nam a2200193Ia 4500
005 20250326145406.0
008 250326s9999 xx 000 0 und d
037 _aTextbook
040 _aFMSL
_beng
_cFMSL
041 _aeng
_2eng
084 _aX:51 Q4
_qFMSL
100 _aMoutinho L
_9751077
245 0 _aRoutledge Companion to the Future of Marketing
_cMoutinho L; Bigne E
260 _aUnited Kingdom
_bUnited Kingdom, London Routledge
_c2014
365 _b15402
650 _aManagement
942 _cTB
_hX:51 Q4
999 _c1307423
_d1307423